书目信息 |
| 题名: |
生物
|
|
| 作者: | 叶广苓 译注 | |
| 分册: | ||
| 出版信息: | 北京 商务印书馆 1982 |
|
| 页数: | 138页 | |
| 开本: | 19cm | |
| 丛书名: | ||
| 单 册: | ||
| 中图分类: | H369.4:Q | |
| 科图分类: | ||
| 主题词: | 日语-生物学--课外读物 , 生物学-日语--课外读物 | |
| 电子资源: | ||
| ISBN: | 9017.1165 | |
| 000 | 00668nam0 2200253 450 | |
| 001 | 0182004993 | |
| 005 | 20100712220236.0 | |
| 010 | @a9017.1165@dCNY0.50 | |
| 091 | @a9017.1165 | |
| 100 | @a19950420d1982 em y0chiy0110 ea | |
| 101 | 2 | @achi@ajpn |
| 102 | @aCN@b110000 | |
| 105 | @ay z 000yy | |
| 106 | @ar | |
| 200 | 1 | @a生物@9Sheng Wu @f叶广苓译注 |
| 210 | @a北京@c商务印书馆@d1982 | |
| 215 | @a138页@d19cm | |
| 300 | @a日语科普对照注释读物 | |
| 606 | 0 | @a日语-生物学@x课外读物 |
| 606 | 0 | @a生物学-日语@x课外读物 |
| 690 | @aH369.4:Q@v3 | |
| 701 | 0 | @a叶广苓@9xie guang ling@4译注 |
| 801 | 0 | @aCN@b91MARC@c20130904 |
| 905 | @aBZT@dH36@e215@f2@sH36/215 | |
| 生物/叶广苓译注.-北京:商务印书馆,1982 |
| 138页;19cm |
| 日语科普对照注释读物 |
| ISBN 9017.1165:CNY0.50 |
| ● |
| 相关链接 |
|
|
|
正题名:生物
索取号:H36/215
 
预约/预借
| 序号 | 登录号 | 条形码 | 馆藏地/架位号 | 状态 | 备注 |
| 1 | 2000101462 | 2000101462 | 旧书回溯/ [索取号:H36/215] | 在馆 | |
| 2 | 2000101463 | 2000101463 | 旧书回溯/ [索取号:H36/215] | 在馆 |